01595nam a2200409 i 450000100060000000300080000600500170001400600190003100700150005000800410006502000270010603500230013303500240015603500250018003500210020504000310022605000220025708000080027908200140028710000390030124501730034026400730051330000410058633600310062733700330065833800430069150000220073450400290075658801270078565000360091265000390094865000310098765000330101865500270105170000450107885600620112334991FlNmELB20241216221312.0m o d | cr cnu||||||||170126s2015 mx ob 001 0 spa d a9786070265457 (e-book) a(MiAaPQ)EBC4760016 a(Au-PeEL)EBL4760016 a(CaPaEBR)ebr11311999 a(OCoLC)984775860 aFINmELBbspaerdacFINmELB 4aJZ4841bM688 2015 a3340 a341.22231 aMochi Alemán, Prudenzio Óscar.10aDebates y prácticas sobre desarrollo y cooperación desde las organizaciones de la sociedad civil /cPrudenzio Óscar Mochi Alemán, Cristina Girardo Pierdominici. 1aMéxico D.F. :bUniversidad Nacional Autónoma de México,c2015. a1 recurso en línea (224 páginas) atextobtxt2rdacontent/spa acomputadorabc2rdamedia/spa arecurso en líneabcr2rdacarrier/spa aIncluye índice. aContiene bibliografía. aDescripción basada en recurso en línea; Título de la página del título en PDF (e-libro, visto January 26, 2017). 0aNon-governmental organizations. 4aOrganizaciones no gubernamentales. 0aInternational cooperation. 4aCooperación internacional. 4aLibros electrónicos.1 aGirardo Pierdominici, Cristina,eautora.40uhttps://elibro.net/ereader/politecnicointernacional/37261